00508nam a2200193 a 4500001001300000003000900013005001700022008004100039020001000080082001500090100001900105245004900124260004300173300001500216500003500231505001000266650001900276700001900295nice12345678IN_TiNIC20260116012110.0050524s1953 hyda grp 000 0 per  ac10000a954.8bHUS aHussain, Yusuf aSelected Waqai of the Deccan 1660-1671 A. D. aHyderabadbCentral Record Officec1953 a156p, 169p aincludes index and biblioraphy2 aIndex aDeccan-History1 aHussain, Yusuf